000 01094nam a22002777a 4500
999 _c113299
_d113299
003 dpl
005 20190302130052.0
008 190302b ||||| |||| 00| 0 eng d
010 _aB-198819
020 _c100.00
_a8188081418
035 _aB-198819, B-198844
037 _bCen Lib/Ret
040 _aDPL
_bHN
_c0
082 _a821
_bमिश्ररा
100 _aमिश्र, राजेन्द्र
_951586
245 _aयादों का सफ़र /
_cराजेन्द्र मिश्र
246 _aYaadon ka safar /
_bby Rajendra Mishra
260 _aदिल्ली
_bदिशा प्रकाशन
_c2006
270 _a138/16, त्रिनगर
_bदिल्ली
_e110035
300 _a87पृ.
_c21सेमी(सजिल्द)
650 _aहिंदी साहित्य
_951587
650 _aहिंदी साहित्य -- कविता
_951588
650 _aHindi literature
_951589
650 _aHindi literature -- Poetry
_951590
942 _2ddc
_cHN
_h821
_mमिश्ररा